000 00700nam a22002297a 4500
003 BD-DhJNU
005 20250922060810.0
008 250922b |||||||| |||| 00| 0 eng d
020 _a558919039
040 _aBD-DhJNU
_bENG
_cBD-DhJNU
_dBD-DhJNU
082 _223
_a070.4333 MCP
100 _aMcGoldrick, Annabel
245 _aPeace journalism /
_cAnnabel McGoldrick and Jake Lynch
260 _aColombo :
_bSir Lanka Muslim Media Forum ,
_c2006.
300 _a64 p. :
_bill. ;
_c25 cm.
650 _a War
_vPress coverage
650 _aViolence
_vPress coverage
650 _aSocial conflict
_vPress coverage
650 _aMass media and peace
700 _aLynch, Jake
942 _2ddc
_cBK
_n0
999 _c2147
_d2147